1960s Music Trivia - Statistics

General Stats
  • This quiz has been taken 23,602 times
  • The average score is 12 of 20
Answer Stats
Question Answer % Correct
At what 1969 music festival did Jimi Hendrix play "The Star-Spangled Banner"? Woodstock
95%
What duo was featured on the soundtrack of "The Graduate"? Simon and Garfunkel
82%
What "invasion" started when the Beatles appeared on the Ed Sullivan show? The {British} Invasion
81%
What were Steppenwolf born to be? Wild
81%
Who recorded albums at Folsom and San Quentin prisons? Johnny Cash
80%
In what city would you find "The House of the Rising Sun"? New Orleans
76%
What instrument did Ravi Shankar play? Sitar
75%
Fill in the blank: If you visit San Francisco make sure to wear some ______ in your hair Flowers
68%
What was the record label of the Supremes, the Temptations, and the Four Tops? Motown
67%
Who outraged fans by going electric at the Newport Folk Festival? Bob Dylan
55%
What Beatles song inspired Charles Manson? Helter Skelter
55%
Who felt like a natural woman? Aretha Franklin
54%
What guitarist was known as Slowhand? Eric Clapton
54%
What was the name of The Who's "rock opera"? Tommy
54%
What cartoon band sang "Sugar, Sugar"? The Archies
43%
What edible item appeared on the cover of "The Velvet Underground & Nico"? A Banana
42%
What sympathetic character was a "man of wealth and taste"? The Devil
38%
At what Harlem theater did James Brown famously perform? The Apollo Theater
34%
What composer wrote the themes to "The Pink Panther" and "Peter Gunn"? Henry Mancini
29%
What band famously performed at "Acid Tests"? The Grateful Dead
22%
No matching quizzes found
Score Distribution
Percent of People with Each Score
Percentile by Number Answered
Your Score History
You have not taken this quiz